Speaking Freely Expression and the Law in the Commonwealth /

Detalles Bibliográficos
Autor principal: Martin, Robert
Formato: eBook
Lenguaje:inglés
Publicado: Toronto: Irwin Law Inc., 1999
Materias:
Acceso en línea:Acceso restringido

MARC

LEADER 00000nam a22000007a 4500
005 2021090100590.0
007 cr|||| ||||
008 210901s1999 ca |||||s|||| 00||0 eng d
020 |a 9781459313873 
035 |a 35331 
040 |a vLex 
090 |c 12193  |d 12193 
100 1 |a Martin, Robert 
245 1 0 |a Speaking Freely  |h [Recurso electrn̤ico] :  |b Expression and the Law in the Commonwealth /  |c Robert Martin 
256 |a Servicio en ln̕ea 
260 |a Toronto:  |b Irwin Law Inc.,  |c 1999 
300 |a 1 recurso electrn̤ico 
500 |a Edited by one of Canada’s foremost media law scholars, this book, a project of The Commonwealth Association for Education in Journalism and Communication (CAEJC), assesses the state of freedom of expression in the Commonwealth through contributions by select legal scholars, jurists, and journalists. Essays provide an overview of the meaning of freedom of expression from theoretical, historical, and sociological perspectives. Country reports that provide an inventory of existing media laws and administrative practices in several Commonwealth nations complement the essays, and include: Cameroon, Canada, Ghana, India, Jamaica, Kenya, Malaysia, Mauritius, New Zealand, Pakistan, Papua New Guinea, South Africa, Sri Lanka, and the United Kingdom. Finally, CAEJC provides a statement of principles that are viewed as essential to the protection of freedom of expression. This book is extremely useful to journalists, lawyers, students, and anyone working with mass media or international affairs. 
506 1 |a Disponible solo en los productos indicados  |d vLex Global  |d vLex Global (Academic Edition, excluding Law Schools)  |d vLex Global (U.S. Academic Edition, Law Schools)  |d vLex Global (U.S. Academic Edition, excluding Law Schools)  |d vLex Global (Academic Edition, Law Schools) 
650 0 4 |a Derecho Constitucional  |z Canad̀ 
740 0 |a vLex Libros (Servicio en ln̕ea) 
856 |u https://app.vlex.com/#/sources/35331  |z Acceso restringido 
942 |c BOOK 
999 0 |a Constitutional right